KOHA-Header-6

Essential of International Marketing (Record no. 9276)

000 -LEADER
fixed length control field 00272nam a2200109Ia 4500
100 ## - MAIN ENTRY--AUTHOR NAME
Personal name Donald L.Brady
245 #0 - TITLE STATEMENT
Title Essential of International Marketing
260 ## - PUBLICATION, DISTRIBUTION, ETC. (IMPRINT)
Place of publication New Delhi
Name of publisher Jaico
Year of publication 1999
300 ## - PHYSICAL DESCRIPTION
Number of Pages 366
942 ## - ADDED ENTRY ELEMENTS (KOHA)
Koha item type Books
Holdings
Withdrawn status Lost status Collection code Permanent Location Current Location Shelving location Date acquired Full call number Accession Number Koha item type
    Marketing MAJU MAJU   2019-09-14 519.5 4824 Marketing

Powered by Koha